000
00292nam a2200121Ia 4500
008
190216s9999||||xx |||||||||||||| ||und||
100
_a
Gurdeep Raj
245
0
_a
Advanced Physical Chemistry
260
_b
Krishna Prakshan Pvt Ltd
_c
1980
300
_a
1474p
650
_a
Chemistry
942
_c
BK
999
_c
2960
_d
2960